টাঙ্গাইল জেলার কলেজ প্রতিষ্ঠাতাদের জীবন ও কর্ম / (Record no. 26516)
[ view plain ]
| 000 -LEADER | |
|---|---|
| fixed length control field | 00747nam a22001937a 4500 |
| 003 - CONTROL NUMBER IDENTIFIER | |
| control field | BDDh-ASL |
| 005 - DATE AND TIME OF LATEST TRANSACTION | |
| control field | 20231015030643.0 |
| 008 - FIXED-LENGTH DATA ELEMENTS--GENERAL INFORMATION | |
| fixed length control field | 201108s2001 b ||||| |||| 00| 0 b d |
| 040 ## - CATALOGING SOURCE | |
| Original cataloging agency | BDDh-ASL |
| Transcribing agency | BDDh-ASL |
| 041 ## - LANGUAGE CODE | |
| Language code of text/sound track or separate title | ben |
| 082 ## - DEWEY DECIMAL CLASSIFICATION NUMBER | |
| Classification number | 923.79144 |
| Item number | TAN |
| 245 00 - TITLE STATEMENT | |
| Title | টাঙ্গাইল জেলার কলেজ প্রতিষ্ঠাতাদের জীবন ও কর্ম / |
| 246 ## - VARYING FORM OF TITLE | |
| Title proper/short title | Tagail Jalar collage Protisthatader Jibon o Kormo |
| 260 ## - PUBLICATION, DISTRIBUTION, ETC. | |
| Place of publication, distribution, etc. | টাঙ্গাইল: |
| Name of publisher, distributor, etc. | ছায়ানীড়, |
| Date of publication, distribution, etc. | ২০০১। |
| 300 ## - PHYSICAL DESCRIPTION | |
| Extent | ৮০ পৃষ্ঠা, : |
| Dimensions | ২২ সে. মি. |
| 650 #0 - SUBJECT ADDED ENTRY--TOPICAL TERM | |
| 9 (RLIN) | 1697 |
| Topical term or geographic name entry element | জীবনী |
| 700 1# - ADDED ENTRY--PERSONAL NAME | |
| 9 (RLIN) | 4955 |
| Personal name | রহমান, মোঃ লুৎফর |
| 942 ## - ADDED ENTRY ELEMENTS (KOHA) | |
| Source of classification or shelving scheme | Dewey Decimal Classification |
| Koha item type | Books |
| Withdrawn status | Lost status | Source of classification or shelving scheme | Damaged status | Not for loan | Collection code | Home library | Current library | Shelving location | Date acquired | Source of acquisition | Total Checkouts | Full call number | Barcode | Date last seen | Copy number | Price effective from | Koha item type |
|---|---|---|---|---|---|---|---|---|---|---|---|---|---|---|---|---|---|
| Dewey Decimal Classification | Non-fiction | Asiatic Society Library | Asiatic Society Library | General Stacks | 10/13/2021 | Donated by Prof. (Dr.) M. Abdul Qayyum & Dr. Razia Sultana | 923.79144 TAN | 112554 | 10/13/2021 | C-1 | 10/13/2021 | Books |